000 00551nam a2200205Ia 4500
005 20250923144348.0
008 008 250917s9999 xx 000 0 eng d
037 _aTextual
040 _aDSWL
_beng
_cDSWL
041 _aeng
_2eng
084 _aYx;zt-6F461;7, N49
_qDSWL
100 _aThicknesse, S.G
_9824110
245 0 _aArab refugees
_cby S.G Thicknesse
260 _aLondon
_c1949
300 _a68 p.
365 _aINR
_b5
925 _g5
942 _cTEXL
_hYx;zt-6F461;7, N49
999 _c1437921
_d1437921